000 00578cam a2200205 4500500
005 20260329004023.0
041 _afre
042 _adc
100 1 0 _aBarton, Adrien
_eauthor
245 0 0 _aLe cercle infernal
260 _c2017.
500 _a49
690 _aAdrien Barton
690 _aEbbinghaus
690 _aIllusion
690 _aJeu
690 _aOptique
786 0 _nPhilosophie magazine | 115 | 12-1 | 2017-12-01 | p. 72-73 | 1951-1787
856 4 1 _uhttps://shs.cairn.info/magazine-philosophie-magazine-2017-12-1-page-72?lang=fr&redirect-ssocas=7080
999 _c1829835
_d1829835